Central Library OPAC University of Rajshahi

Law and Authority in a Nigerian tribe : (Record no. 40838)

MARC details
000 -LEADER
fixed length control field 00842nam a2200241 a 4500
001 - CONTROL NUMBER
control field 40838
003 - CONTROL NUMBER IDENTIFIER
rucl marc code (BD-RJUL)
005 - DATE AND TIME OF LATEST TRANSACTION
control field 20211209053302.0
008 - FIXED-LENGTH DATA ELEMENTS--GENERAL INFORMATION
fixed length control field 160510s1937 enkb 001 0 eng d
035 ## - SYSTEM CONTROL NUMBER
System control number 40953
040 ## - CATALOGING SOURCE
Original cataloging agency BD-RjUL
Language of cataloging eng
Transcribing agency BD-RjUL
041 ## - LANGUAGE CODE
Language code of text/sound track or separate title eng
082 ## - DEWEY DECIMAL CLASSIFICATION NUMBER
Edition number 23
Classification number 340.52
Author mark and year MEL 1937
100 1# - MAIN ENTRY--PERSONAL NAME
Personal name Meek, C. K.
Fuller form of name (Charles Kingsley),
Dates associated with a name 1885-1965
9 (RLIN) 125670
245 10 - TITLE STATEMENT
Title Law and Authority in a Nigerian tribe :
Remainder of title a study in indirect rule /
Statement of responsibility, etc. by C. K. Meek ; with a foreword by Lord Lugard
260 ## - PUBLICATION, DISTRIBUTION, ETC. (IMPRINT)
Place of publication, distribution, etc. Oxford University Press :
Name of publisher, distributor, etc. London,
Date of publication, distribution, etc. 1937
300 ## - PHYSICAL DESCRIPTION
Pagination xvi, 372 p., [1] folded leaf :
Illustrations map ;
Size 22 cm.
504 ## - BIBLIOGRAPHY, ETC. NOTE
Bibliography, etc Includes bibliographical footnotes and index.
650 #0 - SUBJECT ADDED ENTRY--TOPICAL TERM
Topical term or geographic name as entry element Igbo (African people)
9 (RLIN) 125671
Topical term or geographic name as entry element Ethnology
Geographic subdivision Nigeria.
9 (RLIN) 125672
Topical term or geographic name as entry element Law, Primitive
Geographic subdivision Nigeria.
9 (RLIN) 125673
942 ## - ADDED ENTRY ELEMENTS (KOHA)
Source of classification or shelving scheme Dewey Decimal Classification
Koha item type Books
Holdings
Lost status Source of classification or shelving scheme Damaged status Not for loan Collection code Permanent Location Current Location Shelving location Date acquired Source of acquisition Cost, normal purchase price Total Checkouts Full call number Date last seen Copy number Koha item type
  Dewey Decimal Classification   Not For Loan Non-fiction Central Library, University of Rajshahi Central Library, University of Rajshahi Reading Room 06/08/1955 O.U.P. 12.80   340.52 MEL 1937 10/05/2016 C-1 Books